| 000 | 00341nam a22001337a 4500 | ||
|---|---|---|---|
| 999 |
_c13648 _d13648 |
||
| 020 | _a0 19 577829 4 | ||
| 082 |
_a954.91 _bAHS |
||
| 100 | _aAitzaz Ahsan | ||
| 245 | _aThe Indus Saga and the making of Pakistan | ||
| 260 |
_aLahore _bNehr Ghar Publications _c2003 |
||
| 300 | _axiii, 413 pages | ||
| 650 | _aPakistan, Indus Saga | ||
| 942 | _cBK | ||